Stories of monsters / (Record no. 7823)

MARC details
000 -LEADER
fixed length control field 01053nam a22002897a 4500
001 - CONTROL NUMBER
control field 7823
003 - CONTROL NUMBER IDENTIFIER
control field FISKH
005 - DATE AND TIME OF LATEST TRANSACTION
control field 20250811132054.0
008 - FIXED-LENGTH DATA ELEMENTS--GENERAL INFORMATION
fixed length control field 250811b cb ||||| |||| 00| 0 eng d
040 ## - CATALOGING SOURCE
Original cataloging agency FISKH
Language of cataloging eng
Transcribing agency FISKH
Modifying agency FISKH
050 ## - LIBRARY OF CONGRESS CALL NUMBER
Classification number C1
082 ## - DEWEY DECIMAL CLASSIFICATION NUMBER
Classification number 828
100 ## - MAIN ENTRY--PERSONAL NAME
Personal name Punter, Russell
245 ## - TITLE STATEMENT
Title Stories of monsters /
Statement of responsibility, etc. Russell Punter ; Illustrated by Mike Phillips
250 ## - EDITION STATEMENT
Edition statement This edition first published in 2007
260 ## - PUBLICATION, DISTRIBUTION, ETC.
Place of publication, distribution, etc. London :
Name of publisher, distributor, etc. Usborne,
Date of publication, distribution, etc. 2004
300 ## - PHYSICAL DESCRIPTION
Extent 48 pages :
Other physical details color illustrations ;
Dimensions 20 cm
505 ## - FORMATTED CONTENTS NOTE
Formatted contents note N<br/>
520 ## - SUMMARY, ETC.
Summary, etc. 'Young Reading Series One' is designed for children just beginning to read and is aimed at helping them build confidence and ability. Re-issued in hardback, this Usborne series has been developed in consultation with early reading specialist Alison Kelly.<br/>
521 8# - TARGET AUDIENCE NOTE
Target audience note 590<br/>
Source Lexile<br/>
521 8# - TARGET AUDIENCE NOTE
Target audience note N<br/>
Source Raz-Plus<br/>
650 ## - SUBJECT ADDED ENTRY--TOPICAL TERM
Source of heading or term Usborne
Topical term or geographic name entry element Short stories
650 ## - SUBJECT ADDED ENTRY--TOPICAL TERM
Source of heading or term Halloween
Topical term or geographic name entry element Monsters--Fiction
700 ## - ADDED ENTRY--PERSONAL NAME
Personal name Phillips, Mike
Dates associated with a name illustrator
942 ## - ADDED ENTRY ELEMENTS (KOHA)
Source of classification or shelving scheme Dewey Decimal Classification
Koha item type Books
Suppress in OPAC No
Holdings
Withdrawn status Lost status Source of classification or shelving scheme Damaged status Not for loan Collection Home library Current library Shelving location Date acquired Total Checkouts Full call number Barcode Date due Date last seen Date last checked out Copy number Price effective from Koha item type
    Dewey Decimal Classification     Juvenile Fiction Footprints International School Library Network Toul Tom Poung Campus Footprints International School Library Network Toul Kork Campus TTP Primary Yellow Bookshelves 08/11/2025 1 PUN 828 C1 2025-4048 08/25/2025 08/11/2025 08/11/2025 1 08/11/2025 Books